<?xml version="1.0" encoding="UTF-8"?>
<record
    xmlns:xsi="http://www.w3.org/2001/XMLSchema-instance"
    xsi:schemaLocation="http://www.loc.gov/MARC21/slim http://www.loc.gov/standards/marcxml/schema/MARC21slim.xsd"
    xmlns="http://www.loc.gov/MARC21/slim">

  <leader>01293nam a2200289 a 4500</leader>
  <controlfield tag="001">BRCA_8552</controlfield>
  <controlfield tag="005">20190321142932.0</controlfield>
  <controlfield tag="008">150816s1616----sp-#######---#000-0#lat-#</controlfield>
  <datafield tag="041" ind1=" " ind2=" ">
    <subfield code="a">lat</subfield>
  </datafield>
  <datafield tag="044" ind1=" " ind2=" ">
    <subfield code="a">sp</subfield>
  </datafield>
  <datafield tag="050" ind1=" " ind2="4">
    <subfield code="p">M1999</subfield>
    <subfield code="b">.O44</subfield>
    <subfield code="c">1616</subfield>
  </datafield>
  <datafield tag="245" ind1="1" ind2="0">
    <subfield code="a">Officium hebdomadae sanctae</subfield>
    <subfield code="b">cum psalmis, et lectionibus secundum missale, &amp; breuiarium romanum, Pij V. pontif. max. iussu editum, &amp; Clementis VIII. auctoritate recognitum, cum canto Toletano.</subfield>
  </datafield>
  <datafield tag="260" ind1=" " ind2=" ">
    <subfield code="a">Matriti</subfield>
    <subfield code="b">Ex typographia regia</subfield>
    <subfield code="c">1616</subfield>
  </datafield>
  <datafield tag="300" ind1=" " ind2=" ">
    <subfield code="a">226, cxlvii p.</subfield>
    <subfield code="c">35 cm</subfield>
  </datafield>
  <datafield tag="500" ind1=" " ind2=" ">
    <subfield code="a">Fondo antiguo</subfield>
  </datafield>
  <datafield tag="500" ind1=" " ind2=" ">
    <subfield code="a">Se encuentra en Caja Fuerte</subfield>
  </datafield>
  <datafield tag="500" ind1=" " ind2=" ">
    <subfield code="a">B-35</subfield>
  </datafield>
  <datafield tag="500" ind1=" " ind2=" ">
    <subfield code="a">con dedicatoria: a Don Mart&#xED;n de Cordova del Consejo de su Magestad... Tom&#xE1;s Iunti Impressor del Rey</subfield>
  </datafield>
  <datafield tag="500" ind1=" " ind2=" ">
    <subfield code="a">Contiene partituras</subfield>
  </datafield>
  <datafield tag="500" ind1=" " ind2=" ">
    <subfield code="a">Con grabado en portada impresa a dos tintas negro y rojo</subfield>
  </datafield>
  <datafield tag="500" ind1=" " ind2=" ">
    <subfield code="a">Uso de letras capitulares</subfield>
  </datafield>
  <datafield tag="500" ind1=" " ind2=" ">
    <subfield code="a">Estado f&#xED;sico: Documento deteriodado, portada desprendida e incompleta, carece de encuadernaci&#xF3;n, p&#xE1;ginas desprendidas, presenta da&#xF1;o por polilla p&#xE1;ginas II-28</subfield>
  </datafield>
  <datafield tag="506" ind1="0" ind2=" ">
    <subfield code="a">Fondo reservado: para su consulta es necesario credencial de usuario y carta de motivos</subfield>
  </datafield>
  <datafield tag="650" ind1="1" ind2="4">
    <subfield code="a">M&#xFA;sica vocal sacra</subfield>
    <subfield code="v">Trabajos anteriores a 1800</subfield>
    <subfield code="9">21431</subfield>
  </datafield>
  <datafield tag="902" ind1=" " ind2=" ">
    <subfield code="a">LAR</subfield>
  </datafield>
  <datafield tag="942" ind1=" " ind2=" ">
    <subfield code="2">lcc</subfield>
    <subfield code="c">B</subfield>
  </datafield>
  <datafield tag="999" ind1=" " ind2=" ">
    <subfield code="c">8215</subfield>
    <subfield code="d">8215</subfield>
  </datafield>
  <datafield tag="952" ind1=" " ind2=" ">
    <subfield code="0">0</subfield>
    <subfield code="1">0</subfield>
    <subfield code="4">0</subfield>
    <subfield code="7">0</subfield>
    <subfield code="a">BRCA</subfield>
    <subfield code="b">BRCA</subfield>
    <subfield code="d">2016-08-15</subfield>
    <subfield code="i">B-35</subfield>
    <subfield code="l">0</subfield>
    <subfield code="o">.O44 1616 M1999 (B-35)</subfield>
    <subfield code="p">LAR00055</subfield>
    <subfield code="r">2019-03-22 00:00:00</subfield>
    <subfield code="w">2019-03-22</subfield>
    <subfield code="y">B</subfield>
  </datafield>
</record>
